| 000 | 00980cam a2200313 i 4500 | ||
|---|---|---|---|
| 001 | 4159933 | ||
| 003 | OSt | ||
| 005 | 20140310181629.0 | ||
| 008 | 780419s1977 enk b 001 0 eng | ||
| 010 | _a 78300833 | ||
| 015 | _aGB*** | ||
| 020 |
_a0198750390 : _c£1.95 |
||
| 040 |
_aDLC _cDLC _dDLC |
||
| 050 | 0 | 0 |
_aB 1297 _b.L814 1977 |
| 082 | 0 | 0 |
_aTR 121.09 _bTi49 1977 |
| 245 | 0 | 0 |
_aLocke on human understanding : _bselected essays / _cedited by I. C. Tipton. |
| 260 |
_aOxford ; _aNew York : _bOxford University Press, _c1977. |
||
| 300 |
_a170 p. ; _c21 cm. |
||
| 490 | 0 | _aOxford readings in philosophy | |
| 500 | _aIncludes index. | ||
| 520 | _a1. Locke, John--Knowledge, theory of--addresses, essays, lectures | ||
| 521 | _aFaculty | ||
| 541 | _j1 | ||
| 562 | _eFor circulation. 1 copy in the collection | ||
| 600 | 1 | 0 |
_aLocke, John, _d1632-1704. |
| 700 | 1 | _aTipton, I. C. | |
| 906 |
_a7 _bcbc _corignew _d3 _encip _f19 _gy-gencatlg |
||
| 942 |
_2lcc _cBK-TR _kTR |
||
| 999 |
_c450 _d450 |
||